LEADER 01180nam0-22003131i-450- 001 990007903330403321 005 20040706153751.0 035 $a000790333 035 $aFED01000790333 035 $a(Aleph)000790333FED01 035 $a000790333 100 $a20040706d1931----km-y0itay50------ba 101 0 $aeng 102 $aGB 105 $aa-------001yy 200 1 $a<>critical dissertation on the nature, measures and causes of value$echiefly in reference to the writings of Mr. Ricardo and his followers$fby the author of essays on the formation and publication of opinions, etc., etc. [Samuel Bailey] 210 $aLondon$cLondon school of economics and political science$d1931 215 $aXXVIII, 255 p.$d22 cm 225 1 $aSeries of reprints of scarce tracts in economic and political science$v7 300 $aFirst ed. 1825. 700 1$aBailey,$bSamuel$0120645 702 1$aRicardo,$bDavid$f<1772-1823> 801 0$aIT$bUNINA$gRICA$2UNIMARC 901 $aBK 912 $a990007903330403321 952 $aI/1.1 BAI/31$b16871/RF$fSES 959 $aSES 996 $aCritical dissertation on the nature, measures and causes of value$9670614 997 $aUNINA LEADER 01480nam0 22003973i 450 001 VEA0010527 005 20231121125918.0 010 $a8870881857 100 $a20130703d1988 ||||0itac50 ba 101 | $agrc$aita 102 $ait 181 1$6z01$ai $bxxxe 182 1$6z01$an 200 1 $a˜L'œira$fFilodemo$gedizione, traduzione e commento a cura di Giovanni Indelli 210 $aNapoli$cBibliopolis$d1988 215 $a273 p.$d24 cm 225 | $a˜La œscuola di Epicuro$v5 410 0$1001CFI0160084$12001 $a˜La œscuola di Epicuro$v5 606 $aFilodemo . L'*ira$xEdizioni critiche$2FIR$3RMLC420406$9E 676 $a091.0945731$9MANOSCRITTI. NAPOLI$v19 676 $a091.09457364$9$v21 676 $a187$9FILOSOFIA EPICUREA$v20 676 $a187$9Filosofia epicurea.$v21 700 0$aPhilodemus$3CFIV091627$4070$0155469 702 1$aIndelli$b, Giovanni$3CFIV078933 790 0$aFilodemo$3CFIV162243$zPhilodemus 790 0$aPhilodemos$3RAVV683826$zPhilodemus 801 3$aIT$bIT-01$c20130703 850 $aIT-RM0418 $aIT-FR0017 899 $aBIBLIOTECA ACCADEMIA NAZ. DEI LINCEI E CORSINIANA$bRM0418 899 $aBiblioteca umanistica Giorgio Aprea$bFR0017 912 $aVEA0010527 950 0$aBiblioteca umanistica Giorgio Aprea$d 52S.SIJ. E5 SdE 5$e 52FLS0000369905 VMN RS $fC $h20130703$i20130703 977 $a 10$a 52 996 $aIra$9279071 997 $aUNICAS